Dictionnaire de civilisation juive

Gespeichert in:
Bibliographische Detailangaben
1. Verfasser: Attias, Jean-Christophe et Benbassa, Esther
Format: Buch
Sprache:Undetermined
Veröffentlicht: Montreal, Canadá Larousse-Bordas 1998
Schlagworte:
Tags: Tag hinzufügen
Keine Tags, Fügen Sie den ersten Tag hinzu!

MARC

LEADER 00000nam a2200000Ia 4500
008 170316s9999 xx 000 0 und d
100 |a Attias, Jean-Christophe et Benbassa, Esther 
245 |a Dictionnaire de civilisation juive 
260 |a Montreal, Canadá 
260 |b Larousse-Bordas 
260 |c 1998 
300 |a 345 páginas 
650 |a REFERENCIA 
999 |c 29972  |d 29972 
040 |a cru BVZT 
942 |c 15 D  |2 z